000 01023nam a2200205Ii 4500
003 JO-AjNU
008 230605s9999||||xx |||||||||||||| ||und||
017 _a2010/11429
040 _aJO-AjNU
_bara
_erda
_cJO-AjNU
041 _aara
050 1 4 _aHD62.25.2011
100 3 _aبحوث واوراق عمل,
_eauthor
_934451
245 0 0 _aالشركات العائلية في العالم العربي
264 3 1 _aالقاهرة:المنظمة العربية للتنمية الادارية،2011
300 _a382ص
_bملتقى"الشركات العائلية في العالم العربي:ادارة الازمات في الشركات العائلية،ملتقى"الشركات العائلية ودورها في اقتصاديات دول مجلس التعاون الخليجي،ملتقى الشركات العائلية في العالم العربي
336 _atext
_btxt
_2rdacontent
337 _aunmediated
_bn
_2rdamedia
338 _avolume
_bnc
_2rdacarrier
650 4 _aالشركات-ادارة
_934452
999 _aA14128
_c17696
_d17696